| 000 | 01668nam a2200409Ia 4500 | ||
|---|---|---|---|
| 001 | ebr10385845 | ||
| 003 | CaPaEBR | ||
| 006 | m u | ||
| 007 | cr cn||||||||| | ||
| 008 | 091001s2010 vtu sb 001 0 eng d | ||
| 010 | _z 2009039840 | ||
| 020 | _z9780754658993 (hardback : alk. paper) | ||
| 020 | _z9781409402183 (ebook) | ||
| 040 |
_aCaPaEBR _cCaPaEBR |
||
| 035 | _a(OCoLC)647926184 | ||
| 050 | 1 | 4 |
_aPR418.U76 _bC47 2010eb |
| 082 | 0 | 4 |
_a820.9/372 _222 |
| 100 | 1 | _aChordas, Nina. | |
| 245 | 1 | 0 |
_aForms in early modern utopia _h[electronic resource] : _bthe ethnography of perfection / _cNina Chordas. |
| 260 |
_aBurlington, VT : _bAshgate, _c2010. |
||
| 300 | _a136 p. | ||
| 504 | _aIncludes bibliographical references and index. | ||
| 533 |
_aElectronic reproduction. _bPalo Alto, Calif. : _cebrary, _d2010. _nAvailable via World Wide Web. _nAccess may be limited to ebrary affiliated libraries. |
||
| 650 | 0 |
_aEnglish literature _yEarly modern, 1500-1700 _xHistory and criticism. |
|
| 650 | 0 | _aUtopias in literature. | |
| 650 | 0 |
_aLiterary form _xHistory _y16th century. |
|
| 650 | 0 |
_aLiterary form _xHistory _y17th century. |
|
| 650 | 0 |
_aTravel writing _xHistory _y16th century. |
|
| 650 | 0 |
_aTravel writing _xHistory _y17th century. |
|
| 650 | 0 |
_aEthnology _xHistory _y16th century. |
|
| 650 | 0 |
_aEthnology _xHistory _y17th century. |
|
| 650 | 0 |
_aPastoral literature _xHistory and criticism. |
|
| 650 | 0 | _aImperialism in literature. | |
| 655 | 7 |
_aElectronic books. _2local |
|
| 710 | 2 | _aebrary, Inc. | |
| 856 | 4 | 0 |
_uhttp://site.ebrary.com/lib/rucke/Doc?id=10385845 _zAn electronic book accessible through the World Wide Web; click to view |
| 999 |
_c205220 _d205220 |
||